| 000 | 00804nam a22002297a 4500 | ||
|---|---|---|---|
| 001 | 4410 | ||
| 005 | 20240822092046.0 | ||
| 020 | _a9780590225083 | ||
| 040 |
_aDLC _cDLC _dDLC _eamim _beng |
||
| 082 | _a394.2663 | ||
| 100 | _aSt.Clair, Sherry | ||
| 245 | 0 | 0 |
_aMiracle on 34th Street / _ca John Hughes production ; produced by Twentieth Century Fox ; directed by Les Mayfield. |
| 260 |
_aUnited States : _bTwentieth Century Fox ; _c1994. |
||
| 300 |
_a48 pages : _bcolor illustrations ; _c28 cm . |
||
| 505 | _aO | ||
| 520 | _aThe lives of three people are changed by an old man who insists that he is Santa Claus | ||
| 521 |
_a640
_bLexile |
||
| 521 |
_aO
_bRaz-Plus |
||
| 650 |
_aholiday _vjuvenile fiction |
||
| 906 |
_a0 _bibc _corignew _du _encip _f19 _gy-movingim |
||
| 942 |
_2ddc _cBK _n0 |
||
| 999 |
_c4410 _d4410 |
||